Khutbat-e-Iqbal (Record no. 71453)

000 -LEADER
fixed length control field 00487nam a22001817a 4500
003 - CONTROL NUMBER IDENTIFIER
control field NUST - PNEC
005 - DATE AND TIME OF LATEST TRANSACTION
control field 20170116181201.0
008 - FIXED-LENGTH DATA ELEMENTS--GENERAL INFORMATION
fixed length control field 160213b xxu||||| |||| 00| 0 eng d
020 ## - INTERNATIONAL STANDARD BOOK NUMBER
International Standard Book Number 9789699396595
040 ## - CATALOGING SOURCE
Transcribing agency LIBRARY
082 ## - DEWEY DECIMAL CLASSIFICATION NUMBER
Classification number 080 ABD
100 ## - MAIN ENTRY--PERSONAL NAME
9 (RLIN) 16395
Personal name Abdul Hakeem
245 ## - TITLE STATEMENT
Title Khutbat-e-Iqbal
Statement of responsibility, etc. Dr. Khalifa Abdul Hakeem
260 ## - PUBLICATION, DISTRIBUTION, ETC.
Place of publication, distribution, etc. Jhelum:
Name of publisher, distributor, etc. Book Corner Showroom:
Date of publication, distribution, etc. 2014
300 ## - PHYSICAL DESCRIPTION
Extent 185 pages
650 ## - SUBJECT ADDED ENTRY--TOPICAL TERM
9 (RLIN) 16396
Topical term or geographic name entry element Islamic Philosophy
General subdivision General
942 ## - ADDED ENTRY ELEMENTS (KOHA)
Source of classification or shelving scheme
Koha item type Book
Holdings
Withdrawn status Lost status Source of classification or shelving scheme Materials specified (bound volume or other part) Damaged status Not for loan Permanent Location Current Location Shelving location Date acquired Source of acquisition Cost, normal purchase price Total Checkouts Full call number Barcode Date last seen Cost, replacement price Price effective from Koha item type
      hardbound     Pakistan Navy Engineering College (PNEC) Pakistan Navy Engineering College (PNEC)   12/14/2015 Tawakkal Academy/Library Grant 600.00   080 ABD PNECLIB-032562 02/13/2016 600.00 12/14/2015 Book
© 2023 Central Library, National University of Sciences and Technology. All Rights Reserved.